Stati che iniziano con la P - Statistics

Statistiche generali
  • Questo quiz è stato fatto 147 volte
  • Il punteggio medio è 6 su 9
Statistiche sulle risposte
Superficie (km²) Popolazione (ab.) Stato % Corretto
312 696 37 767 697 Polonia
91%
92 226 10 295 909 Portogallo
86%
881 913 233 243 729 Pakistan
80%
459 17 900 Palau
80%
1 285 216 32 625 948 Perù
76%
75 417 4 278 500 Panama
74%
406 752 7 252 672 Paraguay
73%
462 840 8 935 000 Papua Nuova Guinea
60%
41 850 17 538 181 Paesi Bassi
30%
Nessun quiz corrispondente trovato
Distribuzione punteggi
Percentuale di utenti per punteggio
Percentile per numero di risposta
I tuoi punteggi nel tempo
Non hai fatto questo quiz